000 00932nam a2200253Ia 4500
003 OSt
005 20221005112704.0
006 a|||||r|||| 00| 0
007 ta
008 221004b |||||||| |||| 00| 0 pan d
020 _a9788180590879 (hbk)
_cINR 300.00
024 _a38453
037 _b1025, 12/03/2018, H.K. Prakashan
_cTextual
040 _aCRL
_cCRL
_bpan
041 _2pan
_apan
082 _aO153(Y15),2:g, Q5
100 _aਵਰਮਾ, ਸਤੀF ਕੁਮਾਰ, ਂਚ.
245 0 _aਪੰਜਾਬੀ ਨਾਟਕ ਅਤੇ ਨਾਰੀ ਨਾਟਕਕਾਰ
260 _aਦਿੱਲੀ
_bF੍ਰੀ ਪ੍ਰਕਾFਨ ਭਾਰਤ
_c2015
300 _a127ਪ੍ਰ0
_ccm.
650 _aਪੰਜਾਬੀ ਸਾਹਿਤ
942 _hO153(Y15),2:g, Q5
_cTEXL
_2cc
999 _c1025662
_d1025662